LEADER 01073nas 2200385 c 450 001 9910894765203321 005 20260218112120.0 024 7 $aurn:nbn:de:0128-1-5457 035 $a(CKB)3790000000118858 035 $a(DE-599)ZDB2487714-1 035 $a(OCoLC)746278790 035 $a(DE-101)993439306 035 $a(DE-599)2487714-1 035 $a(EXLCZ)993790000000118858 100 $a20090327b18771881 |y | 101 0 $ager 135 $aurg|||||a|a|a 181 $ctxt$2rdacontent 182 $cc$2rdamedia 183 $acr$2rdacarrier 200 10$aJahresbericht der Handelskammer zu Limburg an der Lahn 210 31$aLimburg, Lahn$cHandelskammer$d1877-1881 215 $aOnline-Ressource 300 $aGesehen am: 27.3.09 608 $aZeitschrift$2gnd-content 608 $aBericht$2gnd-content 676 $a380 686 $a450$2rpb 801 0$b0929 801 1$bDE-101 801 2$b4022 906 $aJOURNAL 912 $a9910894765203321 996 $aJahresbericht der Handelskammer zu Limburg an der Lahn$94246922 997 $aUNINA